| 000 | 00455nam a22001097a 4500 | ||
|---|---|---|---|
| 008 | 150623b xxu||||| |||| 00| 0 eng d | ||
| 010 | _8HCCRS ARF:007 | ||
| 245 | _aHIGH COURT CRIMINAL SESSION NO.1 OF 1970 Uganda Vs Festo Kenyi | ||
| 260 | _aHigh Court Kampala | ||
| 500 | _3(Original criminal case no.1of 1970 of the Chief Magistrate's Court of Mengo at Kampala Before-D.L.Lubogo,Esq.,Chief Magistrate) | ||
| 500 | _3BEFORE:The Honourable Mr.Ag.Justice Mukasa | ||
| 999 |
_c6606 _d6606 |
||